Alimentos: ¿cómo computar el plazo de prescripción en el delito de omisión de asistencia familiar? (Registro nro. 22596)
[ vista simple ]
| 000 -Cabecera | |
|---|---|
| Campo de control interno | 01431nam a2200241 4500 |
| 001 - Número de control | |
| control field | ESSALUD |
| 005 - Fecha y hora de la última transacción | |
| Campo de control | 20260701122814.0 |
| 007 - Tipo material - Descripcion fisica - info general | |
| Tipo material - Descripcion fisica - info general | ta |
| 008 - Elementos de Longitud Fija - Información General | |
| Elementos de Longitud Fija - Información | t pe ||||| |||| 00| 0 spa d |
| 040 ## - Origen de la Catalogación | |
| Origen de la Catalogación | BMG |
| 041 ## - Idioma | |
| Idioma | spa |
| 100 ## - Autor | |
| Autor | Corte Suprema de Justicia de la República. Sala Civil Permanente |
| Rol del Autor | Autor |
| 9 (RLIN) | 53005 |
| 245 ## - Titulo | |
| Titulo | Alimentos: ¿cómo computar el plazo de prescripción en el delito de omisión de asistencia familiar? |
| 300 ## - Páginas | |
| Paginación | páginas 62-66 |
| 500 ## - Nota General | |
| Nota General | Sentencia de casación |
| 520 ## - Resumen | |
| Resumen | El delito de omisión de asistencia familiar es uno de naturaleza permanente y, por lo tanto, la consumación del delito se inicia con el incumplimiento del requerimiento de la liquidación de pensiones devengadas, y permanece hasta que el requerido cumpla con el pago exigido por mandato judicial. Por esta razón, procede aplicar, para el cálculo del plazo de prescripción del delito sub materia, el artículo 82, numeral 4, del Código Penal, el cual prescribe que el cómputo del plazo de prescripción en los delitos permanentes comienza a partir del día en que cesa la permanencia. |
| 650 ## - Temas - Descriptores | |
| Temas - Descriptores | DERECHO DE FAMILIA |
| 650 ## - Temas - Descriptores | |
| Temas - Descriptores | MANUTENCIÓN |
| 9 (RLIN) | 53055 |
| 650 ## - Temas - Descriptores | |
| Temas - Descriptores | ASISTENCIA FAMILIAR |
| 9 (RLIN) | 53056 |
| 650 ## - Temas - Descriptores | |
| Temas - Descriptores | ALIMENTOS |
| 9 (RLIN) | 5748 |
| 773 0# - Revista (Relacion con el numero) | |
| Host Biblionumber | 22573 |
| Host Itemnumber | 22621 |
| Ciudad, Editorial | Lima Grupo Praxis Formación Profesional, 2026- |
| Codigo barras item/ejemplar | PRA002 |
| Titulo de la Revista | Praxis Civil & Procesal Civil |
| Número de control de registro | ESSALUD |
| ISSN | 3119-7671 |
| 942 ## - Elementos de Koha | |
| Tipo de Documento | Artículos |
| Fecha procesamiento | 2026-07-01 |
| Catalogador | sqb |
No hay ítems disponibles.